Las hadas (Record no. 176859)
[ view plain ]
| 000 -LEADER | |
|---|---|
| campo de control de longitud fija | 00559nam a2200169 i 4500 |
| 001 - NÚMERO DE CONTROL | |
| campo de control | 176859 |
| 003 - IDENTIFICADOR DE NÚMERO DE CONTROL | |
| campo de control | ES-MaACL |
| 005 - FECHA Y HORA DE LA ÚLTIMA TRANSACCIÓN | |
| campo de control | 20240301063059.0 |
| 008 - DATOS DE LONGITUD FIJA--INFORMACIÓN GENERAL | |
| campo de control de longitud fija | 110215s1864 sp |||| | spa d |
| 080 ## - NÚMERO DE LA CLASIFICACIÓN DECIMAL UNIVERSAL | |
| Número de la Clasificación Decimal Universal | 821.134.2-31"18" |
| 100 1# - ENTRADA PRINCIPAL--NOMBRE DE PERSONA | |
| Nombre de persona | Pérez de Guzmán y Gallo, Juan, |
| Fechas asociadas al nombre | 1841-1928 |
| 9 (RLIN) | 90777 |
| 245 14 - MENCIÓN DEL TÍTULO | |
| Título | Las hadas |
| Resto del título | : leyenda original al estilo de los orientales / |
| Mención de responsabilidad, etc. | por Juan P. de Guzmán. |
| 260 ## - PUBLICACIÓN, DISTRIBUCIÓN, ETC. | |
| Lugar de publicación, distribución, etc. | Madrid : |
| Nombre del editor, distribuidor, etc. | Dorregaray, |
| Fecha de publicación, distribución, etc. | 1864 ( |
| Fabricante | Tomás Rey) |
| 300 ## - DESCRIPCIÓN FÍSICA | |
| Extensión | 156, [2] p. ; |
| Dimensiones | 26 cm. |
| 852 ## - LOCALIZACIÓN | |
| Ubicación | ES-MaACL |
| Número de control de estantería | T-175-F-1 |
| Estatus retirado | Estado de pérdida | Estado de daño | No para préstamo | Colección | Biblioteca de origen | Biblioteca actual | Ubicación en estantería | Fecha de adquisición | Total de préstamos | Signatura topográfica completa | Código de barras | Visto por última vez | Precio de reemplazo | Tipo de ítem Koha |
|---|---|---|---|---|---|---|---|---|---|---|---|---|---|---|
| Colección de folletos | Biblioteca del Ateneo de Madrid | Biblioteca del Ateneo de Madrid | Depósito folletos | 15/02/2011 | T-175-F-1 | 1185752 | 23/02/2023 | 23/02/2023 | Folleto |
